00638nam a22001937a 450000500170000001000180001702000260003502000260006103500170008703700090010408200080011310000180012124500670013925000150020626000580022127001270027930000190040650000190042520220302124440.0 aENG-131388-89 a9789354497537c599.00 a9789354497612c625.00 aEN-114920-21 bDBAD a540 aSinghal, A.K. aObjective Chemistry for Neet 2022/cA.K. Singhal, U.K. Singhal a5e Edition aUttar PradeshbPearson India Education Servicesc2022 a15th Flooor, Tower-B, World Trade Tower, Plot No. 1, Block-C, Sector-16bNoidae201301mcompanysecretary.india@pearson.com avp.c25cm(pbk) aVOLUME 1 TO 2